000 00277nam a22001337a 4500
008 170612b xxu||||| |||| 00| 0 eng d
020 _a9780316118040
041 _aeng
080 _a328
100 _a19
101 _aSHP
245 _aTAKEOVER
_cSAVAGE,CH
942 _2udc
_cBK
999 _c16949
_d16949